Welcome to CU Library Online Public Access Catalogue (OPAC)

Financial Management and Strategies (Record no. 8964)

MARC details
000 -LEADER
fixed length control field 00439nam a22001577a 4500
005 - DATE AND TIME OF LATEST TRANSACTION
control field 20260312093917.0
008 - FIXED-LENGTH DATA ELEMENTS--GENERAL INFORMATION
fixed length control field 260312b |||||||| |||| 00| 0 eng d
020 ## - INTERNATIONAL STANDARD BOOK NUMBER
International Standard Book Number 9788127244859
050 ## - LIBRARY OF CONGRESS CALL NUMBER
Classification number HG4015 GUP
100 ## - MAIN ENTRY--PERSONAL NAME
Personal name Gupta Shashi K.
245 ## - TITLE STATEMENT
Title Financial Management and Strategies
Statement of responsibility, etc. Shashi K. Gupta
250 ## - EDITION STATEMENT
Edition statement 3rd Rev. Ed.
260 ## - PUBLICATION, DISTRIBUTION, ETC.
Place of publication, distribution, etc. New Delhi
Name of publisher, distributor, etc. Kalyani Publishers
Date of publication, distribution, etc. 2003
650 ## - SUBJECT ADDED ENTRY--TOPICAL TERM
Source of heading or term Finance
942 ## - ADDED ENTRY ELEMENTS (KOHA)
Source of classification or shelving scheme Library of Congress Classification
Koha item type Books
Suppress in OPAC No
Edition 3rd Rev. Ed.
999 ## -
-- 8964
-- 8964
Holdings
Withdrawn status Lost status Source of classification or shelving scheme Damaged status Not for loan Collection Home library Current library Shelving location Date acquired Total checkouts Full call number Barcode Date last seen Copy number Price effective from Koha item type
    Library of Congress Classification     Non-fiction Business Library (Miotso) Business Library (Miotso) General stacks 03/11/2026   HG4015 GUP BSSM00002589 03/12/2026 1 03/11/2026 Books
    Library of Congress Classification     Non-fiction Business Library (Miotso) Business Library (Miotso) General stacks 03/11/2026   HG4015 GUP BSSM00002590 03/12/2026 2 03/11/2026 Books
© 2023-2024 Copyright: Central University Libraries. All Rights Reserved | Created by: Mahone Tech Office